| 000 | 01402nam a2200253Ia 4500 | ||
|---|---|---|---|
| 003 | OSt | ||
| 005 | 20211019155021.0 | ||
| 008 | 210310s1979 ck ad fr 000 0 spa d | ||
| 040 |
_aCO-JMCR _cCO-JMCR |
||
| 041 | 0 | _aspa | |
| 082 | 0 | 4 |
_a338.9861 / _bP879p _223 |
| 100 | 1 |
_aPoveda Ramos, Gabriel, _917787 _eautor |
|
| 245 | 1 | 0 |
_aPolíticas económicas, desarrollo industrial y tecnología en Colombia : _b1925 1975 / _cEstudio realizado para Colciencias por Gabriel Poveda Ramos |
| 250 | _aSegunda edición | ||
| 260 |
_aBogotá : _bColciencias, _c1979 |
||
| 300 |
_a156 páginas, [12] hojas plegables : _bilustraciones y gráficas a blanco y negro ; _c23 cm. |
||
| 500 | _a"Proyecto de mecanismos e instrumentos de política científico-tecnológica" Incluye notas a pie de página. | ||
| 504 | _aBibliografía al final del texto. | ||
| 505 | 0 | _aVisión retrospectiva del desarrollo industrial y tecnológico -- Principales medidas de política económica que han determinado el patrón de industrialización y de tecnología en Colombia de 1925 a 1975 -- Las más importantes innovaciones tecnológicas en la industria en Colombia, 1925-1975 | |
| 650 | 1 | 4 |
_aIndustrialización _917789 _xInvestigaciones _y1925-1975 _zColombia |
| 650 | 2 | 4 |
_aTecnología _xInvestigaciones _y1925-1975 _zColombia _941207 |
| 651 | 4 |
_aColombia _xPolítica económica _xInvestigaciones _y1925-1975 _941208 |
|
| 942 |
_2ddc _cBK |
||
| 999 |
_c8614 _d8614 |
||